01124nam0a22002051 4500001001000000005001700010035002600027100004100053101000800094102000700102105001800109200032900127210002600456215002000482225032300502333003200825801001800857801002200875852002100897rc\33246520250621041406.0 a(NLR Aleph) 005567693 a20030307d1989 |||y0rusy50 ca0 arus aRU ay |||||||||1 aБиотехнологические способы очистки сточных водeРеф. сб.fМеждунар. центр науч. и техн. информ. (головной орган МСИС НИР), НИИ вод. хоз-ва г. Братислава (головной орган Водоинформ) aМ.cМЦНТИd1989 a[1], 32 с.d301 aИнформационное обеспечение комплексной программы научно-технического прогресса стран-членов СЭВ до 2000 годаiПриоритетное направление "Ускоренное развитие биотехнологии" aДСП. Экз. № 0000007 0aRUbNLRgpsbo 1aRUbELAR2rusmarc aNLRj90-50К/281